000 00282nam a22001217a 4500
008 170213b xxu||||| |||| 00| 0 eng d
041 _aeng
080 _25TH
_a61
100 _a4
101 _aSHM
245 _aCLINICIAN'S PRIMER ON MULTIPLE SCLEROSIS
_cBIRNBAUM, G
942 _2udc
_cBK
999 _c5201
_d5201